Informe de práctica supervisada realizado en la Junta de Educación de Cartago (Registro nro. 8211)
[ vista simple ]
| 000 -LEADER | |
|---|---|
| fixed length control field | 00507nmm a22001817a 4500 |
| 005 - DATE AND TIME OF LATEST TRANSACTION | |
| control field | 20160525181753.0 |
| 008 - FIXED-LENGTH DATA ELEMENTS--GENERAL INFORMATION | |
| fixed length control field | 150703b xxu||||| |||| 00| 0 spa d |
| 041 ## - LANGUAGE CODE | |
| Language code of text/sound track or separate title | spa |
| 082 ## - DEWEY DECIMAL CLASSIFICATION NUMBER | |
| Classification number | SE 136 |
| 100 ## - MAIN ENTRY--AUTHOR NAME | |
| Personal name | Segura García, Yulied |
| 245 ## - TITLE STATEMENT | |
| Title | Informe de práctica supervisada realizado en la Junta de Educación de Cartago |
| 260 ## - PUBLICATION, DISTRIBUTION, ETC. (IMPRINT) | |
| Year of publication | 2015 |
| 650 ## - SUBJECT ADDED ENTRY--TOPICAL TERM | |
| Topical Term | SECRETARIADO EJECUTIVO |
| 650 ## - SUBJECT ADDED ENTRY--TOPICAL TERM | |
| Topical Term | DOCUMENTOS |
| 650 ## - SUBJECT ADDED ENTRY--TOPICAL TERM | |
| Topical Term | EQUIPO DE OFICINA |
| 650 ## - SUBJECT ADDED ENTRY--TOPICAL TERM | |
| Topical Term | ACTAS |
| 942 ## - ADDED ENTRY ELEMENTS (KOHA) | |
| Tipo de ítem | Informe de Práctica |
| Withdrawn status | Estado | Estado físico | Not for loan | Total Checkouts | Clasificación | Número de inscripción | Date last seen | Date checked out | Price effective from | Tipo de ítem |
|---|---|---|---|---|---|---|---|---|---|---|
| 1 | SE 136 | SE136 | 23/01/2023 | 23/01/2023 | 24/05/2016 | Informe de Práctica |